[Event "Open Interprovinciale"]
[Site "?"]
[Date "2019.01.20"]
[Round "5.1"]
[White "Bruno Fabio"]
[Black "Pierantozzi Stanislao"]
[Result "1-0"]
[WhiteElo "2430"]
[BlackElo "1948"]
[PlyCount "67"]
[EventDate "2019.??.??"]

1. d4 Nf6 2. Nf3 d5 3. c4 e6 4. Nc3 Be7 5. cxd5 exd5 6. Bg5 O-O 7. e3 Nbd7 8.
Bd3 c6 9. Qc2 h6 10. Bf4 Nh5 11. O-O Nxf4 12. exf4 Bd6 13. Ne5 Nf6 14. Qe2 Re8
15. Rfe1 Bd7 16. h3 Qb6 17. Rad1 Rad8 18. a3 Bc8 19. Bb1 Bf8 20. g4 Nh7 21. Qc2
f5 22. Kg2 Qc7 23. f3 Qd6 24. Ne2 g6 25. Ng3 Bg7 26. gxf5 g5 27. f6 Nxf6 28.
Qg6 Re7 29. fxg5 hxg5 30. Bf5 Be6 31. Bxe6+ Qxe6 32. Nf5 Rc7 33. Ng4 Qd7 34.
Nxf6+ 1-0